| 000 | 00407cam a22001451 4500 | ||
|---|---|---|---|
| 040 | _cDLC | ||
| 082 | 0 | 0 | _a581 FRE 1962 A008 Or. |
| 100 | 1 | _aJensen, William A. | |
| 245 | 1 | 0 | _aBotanical histochemistry: principles and practice. |
| 260 |
_aSan Francisco, _bW. H. Freeman _c[1962] |
||
| 300 |
_a408 p. _billus. _c25 cm. |
||
| 490 | 0 | _aA Series of biology books | |
| 650 | 0 | _aPlant histochemistry. | |
| 942 | _cEK | ||
| 999 |
_c17086 _d17086 |
||